Culture Générale Française #8 - Statistiques

Statistiques générales
  • Ce quiz a été pris 1 128 fois
  • Le résultat moyen est 9 sur 20
Statistiques - réponses
Question Réponse % Correct
Près de quelle ville se trouve le Futuroscope ? Poitiers
87%
Que sont la Limousine, la Salers et l'Aubrac ? Races de vache
82%
Quel est la seule préfecture à commencer par la lettre Q ? Quimper
67%
Qui est le président du Sénat depuis 2014 ? Gérard Larcher
60%
Où se trouve notre estomac lorsque l'on est affamé ? Talons
55%
Où se trouve la sépulture de Johnny Hallyday ? Saint-Barthélémy
54%
De quoi Juliette Armanet a-t-elle chanté le dernier jour ? Disco
52%
Quel roi était passionné d'horlogerie et de serrurerie ? Louis XVI
48%
Quelle émission Philippe Bouvard a-t-il animé de 1977 à 2014 ? Les Grosses Têtes
46%
De quoi se nourrit Casimir, le dinosaure orange ? Gloubi-boulga
40%
Quel jeu télévisé avait pour slogan "Serez-vous plus forts que les trappes" ? Money Drop
39%
Quelle est l'avenue la plus connue de Marseille ? Canebière
37%
À quel compositeur doit-on le mouvement "Clair de Lune" issu de la Suite Bergamasque ? Claude Debussy
34%
À quelle production la ville picarde de Saint-Gobain est-elle associée ? Miroir
33%
Quelle est la race de chat préférée des Français ? Maine Coon
32%
Quel est le titre du premier roman de Françoise Sagan ? Bonjour tristesse
31%
Quel principe fondamental de la démocratie doit-on à Montesquieu ? Séparation des pouvoirs
28%
Avec quoi est mélangé le beurre que l'on mange traditionnellement avec des escargots ? Ail et persil
22%
Quel sportif est surnommé "Le Professeur" ? Alain Prost
21%
Quel est l'autre nom du cirque d'Hiver de Paris ? Cirque Bouglione
20%
Aucun quiz correspondant
Distribution des résultats
% des personnes avec chaque résultat
Percentile par nombre de réponses
Votre historique - résultats
Vous n’avez pas pris ce quiz